| 000 | 00549nam a2200133Ia 4500 | ||
|---|---|---|---|
| 008 | 171207s9999 xx 000 0 und d | ||
| 100 | _aSchriber, Roberta A. | ||
| 245 | _aDispositional contempt: A first look at the contemptuous person. | ||
| 245 | _cSchriber, Roberta A.; Chung, Joanne M.; Sorensen, Katherine S.; Robins, Richard W | ||
| 260 | _c2017 | ||
| 300 | _apages 280-309, August 2017 | ||
| 440 |
_aJournal of Personality and Social Psychology _v113:2 |
||
| 650 | _aCONTEMPT, SOCIAL EMOTION, EMOTION DISPOSITION, AFFECTIVE BIAS, PERSONALITY | ||
| 999 |
_c347614 _d347614 |
||